Dog Breeds by Picture: AKC Herding Group - Statistics

General Stats
  • This quiz has been taken 159 times
  • The average score is 13 of 33
Answer Stats
Picture Answer % Correct
German Shepherd
89%
Pembroke Welsh Corgi
89%
Border Collie
82%
Collie
80%
Australian Cattle Dog
74%
Australian Shepherd
71%
Belgian Malinois
71%
Old English Sheepdog
71%
Shetland Sheepdog
62%
Puli
51%
Cardigan Welsh Corgi
46%
Bearded Collie
42%
Miniature American Shepherd
38%
Belgian Sheepdog
35%
Pumi
35%
Swedish Vallhund
34%
Beauceron
31%
Belgian Tervuren
31%
Belgian Laekenois
29%
Berger Picard
28%
Mudi
28%
Bergamasco
26%
Finnish Lapphund
23%
Briard
22%
Bouvier Des Flandres
20%
Entlebucher Mountain Dog
20%
Icelandic Sheepdog
20%
Pyrenean Shepherd
18%
Spanish Water Dog
18%
Lancashire Heeler
17%
Canaan Dog
14%
Polish Lowland Sheepdog
14%
Norwegian Buhund
11%
No matching quizzes found
Score Distribution
Percent of People with Each Score
Percentile by Number Answered
Your Score History
You have not taken this quiz